The inovation secrets of steve jobs : insanely different principles for breakthrough success.
| Main Author: | |
|---|---|
| Format: | Book |
| Published: |
New York:
McGraw Hill,
2011.
|
| Subjects: |
| LEADER | 00562cam a2200181 7i4500 | ||
|---|---|---|---|
| 001 | 0000028407 | ||
| 005 | 20130429090000.0 | ||
| 020 | 0 | 0 | |a 9780071748759 |
| 090 | 0 | 0 | |a B 658.4063 |b GAL |
| 100 | 1 | 0 | |a Gallo |
| 245 | 1 | 4 | |a The inovation secrets of steve jobs : |b insanely different principles for breakthrough success. |
| 260 | 0 | 0 | |a New York: |b McGraw Hill, |c 2011. |
| 300 | # | # | |a 241 p. |
| 650 | 0 | 0 | |a Creative thinking |
| 650 | 0 | 0 | |a Success in business |
| 650 | 0 | 0 | |a Technological innovations |
| 650 | 0 | 0 | |a New products |
| 999 | |a B000031916 |b Book |c Book |e Business Information Centre | ||


